Introducción al estudio de los documentos del Egipto romano.
Zapisane w:
| 1. autor: | |
|---|---|
| Format: | Książka |
| Język: | hiszpański |
| Wydane: |
Madrid, España:
Instituto Antonio de Nebrija,
1948.
|
| Seria: | Manuales y Anejos de Emerita
|
| Hasła przedmiotowe: | |
| Etykiety: |
Dodaj etykietę
Nie ma etykietki, Dołącz pierwszą etykiete!
|
MARC
| LEADER | 00000nam a2200000 a 4500 | ||
|---|---|---|---|
| 001 | UCP8787 | ||
| 003 | CL-VaPUC | ||
| 005 | 20221114163159.0 | ||
| 008 | 000310e19480000SP |||||||||||||||||spa|d | ||
| 999 | |c 285673 |d 285671 | ||
| 040 | |c Pontificia Universidad Católica de Valparaíso | ||
| 082 | 0 | 4 | |a 932.0072 ORS 1948 |2 21 |
| 100 | |a Ors, Álvaro d' |e autor |9 878430 | ||
| 245 | 1 | 0 | |a Introducción al estudio de los documentos del Egipto romano. |
| 260 | |a Madrid, España: |b Instituto Antonio de Nebrija, |c 1948. | ||
| 300 | |a 210 páginas. | ||
| 490 | 0 | |a Manuales y Anejos de Emerita |n 6. | |
| 500 | |a c.3 Donación Familia Prof. Alejandro Guzmán Brito. | ||
| 583 | |a last modification |c 20000310 00:00:00 |k Rodrigo Vera | ||
| 650 | 0 | |a Investigación histórica |9 344844 | |
| 650 | 7 | |a Documentos |2 CL-VaPUC |9 366450 | |
| 650 | 0 | |a Civilización egipcia |9 433926 | |
| 650 | 7 | |a Papiros |2 CL-VaPUC |9 318278 | |
| 650 | 7 | |a Papirología |2 CL-VaPUC |9 439013 | |
| 651 | 0 | |a Egipto |9 268199 | |
| 942 | |c BK |2 ddc |n 0 | ||
| 945 | |d 20000310 00:00:00 |a rherrera | ||
| 952 | |0 0 |1 0 |4 0 |6 932_007200000000000_ORS_1948 |7 0 |8 X |9 330427 |a BIBHIS |b BIBHIS |d 2019-11-20 |i 1394487 |o 932.0072 ORS 1948 |p 1394487 |r 2024-01-30 |w 2019-11-20 |y BK_X |k HIS | ||
| 952 | |0 0 |1 0 |4 0 |6 932_007200000000000_ORS_1948 |7 0 |8 X |9 330428 |a BIBHIS |b BIBHIS |d 2019-11-20 |i 1394495 |o 932.0072 ORS 1948 |p 1394495 |r 2024-01-30 |w 2019-11-20 |y BK_X |k HIS | ||
| 952 | |0 0 |1 0 |2 ddc |4 0 |6 932_007200000000000_ORS_1948 |7 0 |8 C_AGB |9 585925 |a BIBDER |b BIBDER |d 2022-08-05 |e Donación |i 5653844 |o 932.0072 ORS 1948 |p 5653844 |r 2023-01-25 |t 3 |w 2022-08-05 |y BK_US |k AGB | ||